A bizalom forradalma
Elmentve itt :
| Szerző: | |
|---|---|
| Adatforrás: | Philobibl |
| Forrásdokumentuma: | Vigilia 73.2008:12. p. 890-893. |
| Dokumentumtípus: | Cikk |
| Nyelv: | magyar |
| Kulcsszavak: | bizalom |
| Megjelent: |
2008
|
| LEADER | 00314nab a2200121 c 4500 | ||
|---|---|---|---|
| 001 | bibPHI0033857 | ||
| 005 | 20200924123246.1 | ||
| 008 | 090327s2008 hu hun | ||
| 100 | 1 | |a Aszalós János | |
| 245 | 1 | 2 | |a A bizalom forradalma |c Aszalós János |
| 260 | |a 2008 | ||
| 695 | |a bizalom | ||
| 773 | 0 | |t Vigilia |g 73.2008:12. p. 890-893. | |